01002nam a2200289 450000100060000000300080000600500170001400800410003103500230007203500190009503500170011404000480013104100080017908200230018710000180021024500860022826000520031430000240036649000530039050000560044350400640049960000440056360000110060765100370061883000100065583000470066535945BD-RjUL20211209052416.0140612s1965 ilu b 000 0 eng d a(OCoLC)ocm00271177 a(BD-RjUL)36042 a(NNC)1131521 aDLCcDAYdm.c.dm/cdHCHdZCUdBD-RjULbeng aeng a320.0938bGRG 19651 aGrene, David.10aGreek political theory;bthe image of man in Thucydides and Plato /c David Grene aChicago :bUniversity of Chicago Press ,c1965. ax, 229 p. ;c21 cm.1 aPhoenix books in philosophy and religion ;vP201 aOriginally published under title: Man in his pride. aBibliographical references included in "Notes" (p. 205-229)00aThucydidesxPolitical and social views.00aPlato. 0aGreecexPolitics and government. 0vP201. 0aPhoenix books in philosophy and religion ;